000 00823cam a2200289 a 4500
001 30116
005 20230410101746.0
008 940824s1993 mx a b 000 0 spa
035 _9(DLC) 94200567
035 _a3025472
942 _2lcc
_cbk
010 _a94200567
020 _a9681325605
040 _aDLC
_cDLC
043 _an-mx---
050 1 4 _a112 F 1226
_bP348h 1993
100 1 _aPazos, Luis,
_d1947-
245 1 0 _aHistoria sinóptica de México :
_bde los olmecas a Salinas /
_cLuis Pazos.
250 _a1. ed.
260 _aMéxico :
_bEditorial Diana,
_c1993.
300 _a165 p. :
_bill. ;
_c26 cm.
500 _aErrata slip inserted.
504 _aIncludes bibliographical references (p. 159-164).
651 0 _aMexico
_xHistory.
651 0 _aMexico
_xHandbooks, manuals, etc.
922 _aap
999 _c13490
_d13490